Campeões da Liga Expansión MX - Statistics

Estatísticas Gerais
  • Esse quiz foi jogado 9 vezes
    2 desde o último reset
  • A pontuação média é 3 de 10
Estatísticas das Respostas
Temporada Campeão % Correto
Clausura 2025 Universidad de Guadalajara
100%
Grita México Apertura 2021 Atlante
50%
Apertura 2022 Atlante
50%
Clausura 2024 Atlante
50%
Grita x la Paz Clausura 2022 Atlético Morelia
50%
Apertura 2023 Cancún
0%
Guard1ianes 2020 Tampico Madero
0%
Clausura 2023 Tapatío
0%
Apertura 2024 Tapatío
0%
Guard1ianes Clausura 2021 Tepatitlán
0%
Nenhum quiz correspondente encontrado
Distribuição das Pontuações
Porcentagem de Pessoas com Cada Pontuação
Percentil de Números Respondidos
Sua Pontuação Histórica
Você não jogou esse quiz desde o último reset